
Library Catalogue

| 000 -LEADER | |
|---|---|
| fixed length control field | 01208nam a2200217Ia 4500 |
| 003 - CONTROL NUMBER IDENTIFIER | |
| control field | OSt |
| 005 - DATE AND TIME OF LATEST TRANSACTION | |
| control field | 20210217123910.0 |
| 008 - FIXED-LENGTH DATA ELEMENTS--GENERAL INFORMATION | |
| fixed length control field | 160316s2014 xxu||||| |||| 00| 0 eng d |
| 020 ## - INTERNATIONAL STANDARD BOOK NUMBER | |
| International Standard Book Number | 9780198703846 |
| 040 ## - CATALOGING SOURCE | |
| Transcribing agency | n |
| 082 ## - DEWEY DECIMAL CLASSIFICATION NUMBER | |
| Classification number | 343.072100 |
| Item number | SOK |
| 100 ## - MAIN ENTRY--PERSONAL NAME | |
| Personal name | Sokol D Daniel |
| 245 ## - TITLE STATEMENT | |
| Title | Global antitrust compliance handbook |
| 260 ## - PUBLICATION, DISTRIBUTION, ETC. | |
| Place of publication, distribution, etc. | Oxford |
| Name of publisher, distributor, etc. | Oxford University Press |
| Date of publication, distribution, etc. | 2014 |
| 300 ## - PHYSICAL DESCRIPTION | |
| Extent | 878p |
| Dimensions | lxxv |
| 365 ## - TRADE PRICE | |
| Price amount | Rs. 16,027 |
| 505 ## - FORMATTED CONTENTS NOTE | |
| Formatted contents note | Contents:<br/>WESTERN HEMISPHERE<br/>1. Argentina<br/>2. Brazil<br/>3. Canada<br/>4. Chile<br/>5. Colombia<br/>6. Mexico<br/>7. Peru<br/>8. United States<br/>ASIA AND PACIFIC<br/>9. Australia<br/>10. China<br/>11. Hong Kong<br/>12. India<br/>13. Israel<br/>14. Japan<br/>15. New Zealand<br/>16. South Korea<br/>17. Taiwan<br/>18. Turkey<br/>EUROPE<br/>19. Austria<br/>20. Czech Republic<br/>21. Denmark<br/>22. Estonia<br/>23. European Union<br/>24. Finland<br/>25. France<br/>26. Germany<br/>27. Greece<br/>28. Hungary<br/>29. Ireland<br/>30. Italy<br/>31. Latvia<br/>32. Lithuania<br/>33. Netherlands<br/>34. Norway<br/>35. Poland<br/>36. Portugal<br/>37. Romania<br/>38. Russia<br/>39. Spain<br/>40. Sweden<br/>41. Switzerland<br/>42. United Kingdom<br/>AFRICA<br/>43. South Africa |
| 650 ## - SUBJECT ADDED ENTRY--TOPICAL TERM | |
| Topical term or geographic name entry element | 1. Antitrust Law - International Law |
| 700 ## - ADDED ENTRY--PERSONAL NAME | |
| Personal name | Crane Daniel |
| -- | Ezrachi Ariel |
| 942 ## - ADDED ENTRY ELEMENTS (KOHA) | |
| Source of classification or shelving scheme | Dewey Decimal Classification |
| Koha item type | BOOKs |
| Withdrawn status | Lost status | Damaged status | Not for loan | Home library | Current library | Shelving location | Date acquired | Cost, normal purchase price | Total Checkouts | Full call number | Barcode | Date last seen | Price effective from | Koha item type |
|---|---|---|---|---|---|---|---|---|---|---|---|---|---|---|
| Not For Loan | NLS | NLS | REFERENCE SECTION | 30/05/2017 | 16027.00 | 343.0721 SOK | 33930 | 30/05/2017 | 30/05/2017 | BOOKs |